000 00539nam a2200169 4500
001 149034
003 ES-MaACL
005 20230906202923.0
007 t|
008 070214s1959 sp r ||||1| spa d
100 1 _aSutcliffe, Edmund F.
_9108871
245 1 0 _aDios y el sufrimiento en el antiguo testamento y en el nuevo /
_cEdmund F. Sutcliffe ; traducción de Juan Godo Costa.
260 _aBarcelona :
_bHerder,
_c1959.
300 _a212 p. ;
_c18 cm.
700 1 _aGodo Costa, Juan.
_957532
852 _aES-MaACL
_jC-18700
_bR.46511
999 _c149034
_d149034